Can you recognize these athletes from different sports? - Statistics

General Stats
  • This quiz has been taken 20 times
  • The average score is 9 of 16
Answer Stats
Picture Answer % Correct
Kevin Durant
81%
Michael Phelps
81%
Jude Bellingham
75%
Noah Lyles
69%
Charles Leclerc
63%
Coco Gauff
63%
Caitlin Clark
56%
Saquon Barkley
56%
Alexander Zverev
50%
Mark Williams
50%
Mookie Betts
50%
Rory McIlroy
50%
Leon Draisaitl
44%
Gerwyn Price
31%
Oleksandr Usyk
31%
Virat Kohli
25%
No matching quizzes found
Score Distribution
Percent of People with Each Score
Percentile by Number Answered
Your Score History
You have not taken this quiz